000 00352nam a2200157Ia 4500
003 OSt
005 20240418161245.0
008 170524s9999 xx 000 0 und d
020 _a 9789350146866
040 _cIIMT UNIVERSITY
100 _aGUPTA RAJEEV
245 0 _aENGINEERING ELECTRONICS
260 _bPragati
260 _c2002
942 _2ddc
_c02
999 _c5778
_d5778